| 000 | 00700nmm a2200277 a 4500 | ||
|---|---|---|---|
| 003 | AR-BaBNM | ||
| 005 | 20251128205108.0 | ||
| 008 | 286019s1995 ||||||||||||||000 | spa|| | ||
| 020 | _a950-04-1523-2 | ||
| 040 | _cAR-BaBNM | ||
| 100 | 1 | _aNeri, Aldo | |
| 245 | 1 | 0 |
_aSur, penuria y después _bla crisis de la política social |
| 250 | _a1ª ed. | ||
| 260 |
_aBuenos Aires _bEmecé _c1995 |
||
| 300 | 0 | _a196 p. | |
| 650 | 4 | _aSERVICIOS SOCIALES | |
| 650 | 4 | _aBIENESTAR SOCIAL | |
| 650 | 4 | _aSEGURIDAD SOCIAL | |
| 650 | 4 | _aPOLITICA SOCIAL | |
| 650 | 4 | _aPOLITICA ARGENTINA | |
| 650 | 4 | _aTRABAJO SOCIAL | |
| 650 | 4 | _aCRISIS SOCIAL | |
| 651 | 4 | _aArgentina | |
| 942 | _cBK | ||
| 998 | _cEnrique | ||
| 999 |
_c9967 _d9967 |
||